[Event "19. Open de Sants Hostafrancs 2017"]
[Site "Barcelona ESP"]
[Date "2017.08.22"]
[Round "5.9"]
[White "Salinas Herrera, Pablo"]
[Black "Vera Siguenas, Deivy"]
[Result "1-0"]
[WhiteElo "2411"]
[BlackElo "2525"]
[PlyCount "85"]
[EventDate "2017.08.18"]
[EventType "swiss"]
[EventRounds "10"]
[EventCountry "ESP"]
[SourceTitle "Ajedrez en Madrid"]
[Source "lmi"]
[SourceDate "2017.08.18"]

1. d4 Nf6 2. Nf3 e6 3. Bf4 c5 4. e3 Nc6 5. c3 d5 6. Nbd2 Bd6 7. Bg3 O-O 8. Bd3
b6 9. e4 Be7 10. e5 Nh5 11. Ng5 Bxg5 12. Qxh5 g6 13. Qe2 f5 14. f4 Be7 15. Nf3
cxd4 16. Nxd4 Bd7 17. O-O Na5 18. Kh1 Rc8 19. Bf2 Qe8 20. Rg1 Nb7 21. g4 Kh8
22. gxf5 gxf5 23. Nxf5 exf5 24. e6 Bf6 25. exd7 Qxd7 26. Qh5 Nd6 27. Rg6 d4 28.
Be2 Ne4 29. Bg1 dxc3 30. bxc3 Rxc3 31. Rg2 Rg8 32. Rd1 Qc6 33. Bf3 Rxg2 34.
Kxg2 Ra3 35. Qf7 Qa8 36. Qxf6+ Nxf6 37. Bxa8 Rxa2+ 38. Kh1 Kg7 39. Bd4 Kf7 40.
Rc1 Ra4 41. Rc7+ Kg6 42. Be5 Ng4 43. Bc6 1-0

[Event "19. Open de Sants Hostafrancs 2017"]
[Site "Barcelona ESP"]
[Date "2017.08.22"]
[Round "5.10"]
[White "Suarez Uriel, Adrian"]
[Black "Ferreira, Jorge Viterbo"]
[Result "1/2-1/2"]
[WhiteElo "2406"]
[BlackElo "2499"]
[PlyCount "78"]
[EventDate "2017.08.18"]
[EventType "swiss"]
[EventRounds "10"]
[EventCountry "ESP"]
[SourceTitle "Ajedrez en Madrid"]
[Source "lmi"]
[SourceDate "2017.08.18"]

1. e4 c5 2. Nf3 e6 3. d4 cxd4 4. Nxd4 a6 5. Bd3 Nf6 6. Qe2 d6 7. c4 g6 8. Nc3
Bg7 9. O-O O-O 10. Nc2 Nbd7 11. Be3 b6 12. f4 Nc5 13. Rad1 Qc7 14. Nd4 Bb7 15.
f5 Nxd3 16. Qxd3 Rfe8 17. Nf3 Ng4 18. Bd4 e5 19. Bf2 gxf5 20. Qxd6 Qxd6 21.
Rxd6 fxe4 22. Rxb6 Rab8 23. Ng5 Ba8 24. Ngxe4 f5 25. Nd6 Rxb6 26. Bxb6 Rb8 27.
c5 Ne3 28. Rf2 f4 29. b4 e4 30. Ncxe4 Nd5 31. Kf1 Nxb6 32. cxb6 Rxb6 33. Rxf4
Be5 34. Rg4+ Kf8 35. Nc4 Rxb4 36. Nxe5 Bxe4 37. a3 Rb1+ 38. Ke2 Rb2+ 39. Ke3
Bxg2 1/2-1/2

[Event "19. Open de Sants Hostafrancs 2017"]
[Site "Barcelona ESP"]
[Date "2017.08.22"]
[Round "5.11"]
[White "Mascaro March, Pedro"]
[Black "Hertneck, Gerald"]
[Result "1-0"]
[WhiteElo "2387"]
[BlackElo "2498"]
[PlyCount "99"]
[EventDate "2017.08.18"]
[EventType "swiss"]
[EventRounds "10"]
[EventCountry "ESP"]
[SourceTitle "Ajedrez en Madrid"]
[Source "lmi"]
[SourceDate "2017.08.18"]

1. d4 Nf6 2. Nf3 g6 3. Bf4 d6 4. h3 c5 5. e3 Qb6 6. Qc1 Bg7 7. c3 O-O 8. Be2
Nbd7 9. Nbd2 cxd4 10. exd4 Nd5 11. Bh2 e5 12. Nc4 Qc6 13. O-O b5 14. Ncd2 N5b6
15. dxe5 dxe5 16. Bd3 f5 17. Bc2 Bb7 18. Re1 Rae8 19. Nb3 Nc4 20. Bd3 Qb6 21.
Nfd2 Bd5 22. Bf1 Bh6 23. Nxc4 bxc4 24. Qxh6 cxb3 25. axb3 Bxb3 26. Ra6 Qb8 27.
Rea1 Bf7 28. b4 Qc8 29. Bb5 Re7 30. Rxa7 Qxc3 31. Rc1 Qxb4 32. Rxd7 f4 33. Rxe7
Qxe7 34. Bf1 Qa3 35. Rc7 Qd6 36. Ra7 Qc5 37. Rd7 Qc6 38. Re7 Rd8 39. Rxf7 Kxf7
40. Qxh7+ Ke6 41. Qxg6+ Kd7 42. Qxc6+ Kxc6 43. Be2 Kd5 44. g4 Ke4 45. Kg2 Rd2
46. Bf3+ Kd3 47. g5 e4 48. Bxf4 exf3+ 49. Kxf3 Rd1 50. g6 1-0

[Event "19. Open de Sants Hostafrancs 2017"]
[Site "Barcelona ESP"]
[Date "2017.08.22"]
[Round "5.12"]
[White "Munoz, Miguel"]
[Black "Souleidis, Georgios"]
[Result "1/2-1/2"]
[WhiteElo "2497"]
[BlackElo "2397"]
[PlyCount "67"]
[EventDate "2017.08.18"]
[EventType "swiss"]
[EventRounds "10"]
[EventCountry "ESP"]
[SourceTitle "Ajedrez en Madrid"]
[Source "lmi"]
[SourceDate "2017.08.18"]

1. g3 g6 2. Bg2 d5 3. f4 Nf6 4. Nf3 Bg7 5. O-O O-O 6. d3 b6 7. c4 Bb7 8. Ne5
Qc8 9. cxd5 Bxd5 10. e4 Bb7 11. Nc3 c5 12. g4 Nc6 13. g5 Nd7 14. Nxc6 Bxc6 15.
Be3 Qb7 16. Qe2 Rfe8 17. h4 Nf8 18. f5 Rad8 19. Rad1 Rd7 20. fxg6 hxg6 21. Qf2
e6 22. d4 cxd4 23. Bxd4 e5 24. Be3 Rxd1 25. Rxd1 Ne6 26. Nd5 Bxd5 27. exd5 Nd4
28. Be4 Qd7 29. Qg2 Rc8 30. Rf1 Rc4 31. Bd3 Rc5 32. Be4 Rc4 33. Bd3 Rc5 34. Be4
1/2-1/2

[Event "19. Open de Sants Hostafrancs 2017"]
[Site "Barcelona ESP"]
[Date "2017.08.22"]
[Round "5.13"]
[White "German, Nikita"]
[Black "Salomon, Johan"]
[Result "0-1"]
[WhiteElo "2178"]
[BlackElo "2488"]
[PlyCount "64"]
[EventDate "2017.08.18"]
[EventType "swiss"]
[EventRounds "10"]
[EventCountry "ESP"]
[SourceTitle "Ajedrez en Madrid"]
[Source "lmi"]
[SourceDate "2017.08.18"]

1. e4 c5 2. Nf3 d6 3. d4 cxd4 4. Nxd4 Nf6 5. Nc3 a6 6. Be2 e5 7. Nb3 Be7 8. Be3
Be6 9. Qd3 Nbd7 10. Nd5 Bxd5 11. exd5 O-O 12. c4 Ne8 13. O-O Bg5 14. Rac1 b6
15. Nd2 a5 16. b3 g6 17. a3 f5 18. f4 Bxf4 19. Bxf4 exf4 20. Nf3 Nc5 21. Qc3
Nf6 22. Nd4 Nfe4 23. Qc2 Qf6 24. Rcd1 g5 25. Kh1 Ng3+ 26. hxg3 Qh6+ 27. Kg1
fxg3 28. Nf3 g4 29. Rfe1 Qe3+ 30. Kh1 Qh6+ 31. Kg1 gxf3 32. Bxf3 Rae8 0-1

[Event "19. Open de Sants Hostafrancs 2017"]
[Site "Barcelona ESP"]
[Date "2017.08.22"]
[Round "5.14"]
[White "Grafl, Florian"]
[Black "Moroni, Luca Jr"]
[Result "0-1"]
[WhiteElo "2364"]
[BlackElo "2476"]
[PlyCount "68"]
[EventDate "2017.08.18"]
[EventType "swiss"]
[EventRounds "10"]
[EventCountry "ESP"]
[SourceTitle "Ajedrez en Madrid"]
[Source "lmi"]
[SourceDate "2017.08.18"]

1. d4 d5 2. Bg5 Nf6 3. Bxf6 exf6 4. e3 Bd6 5. g3 O-O 6. Bg2 c6 7. Ne2 Re8 8.
O-O Bg4 9. Nd2 Qb6 10. c4 Qa6 11. f3 Bf5 12. e4 dxe4 13. fxe4 Bg4 14. h3 Bh5
15. g4 Bg6 16. c5 Bc7 17. Nc3 Nd7 18. Nb3 b6 19. cxb6 Bxb6 20. Kh1 Rad8 21. Qf3
c5 22. dxc5 Nxc5 23. Nxc5 Bxc5 24. Rfd1 Bd4 25. Rd3 Be5 26. Rad1 Rxd3 27. Qxd3
Qe6 28. Qd7 h5 29. Qxe6 fxe6 30. Rd7 Rb8 31. Nd1 h4 32. b3 Rc8 33. Rxa7 Rd8 34.
Bf3 Rxd1+ 0-1

[Event "19. Open de Sants Hostafrancs 2017"]
[Site "Barcelona ESP"]
[Date "2017.08.22"]
[Round "5.15"]
[White "Goh, Wei Ming Kevin"]
[Black "Martin, Julian"]
[Result "1-0"]
[WhiteElo "2446"]
[BlackElo "2353"]
[PlyCount "73"]
[EventDate "2017.08.18"]
[EventType "swiss"]
[EventRounds "10"]
[EventCountry "ESP"]
[SourceTitle "Ajedrez en Madrid"]
[Source "lmi"]
[SourceDate "2017.08.18"]

1. e4 c5 2. Nf3 Nc6 3. Bb5 d6 4. O-O Bd7 5. Re1 Nf6 6. c3 a6 7. Bc4 Bg4 8. d4
e6 9. d5 Ne5 10. Be2 Nxf3+ 11. Bxf3 Bxf3 12. Qxf3 e5 13. a4 b5 14. axb5 axb5
15. Rxa8 Qxa8 16. Na3 Qa4 17. Qe2 c4 18. Bg5 Be7 19. Ra1 Qa6 20. Nc2 Qb7 21.
Bxf6 Bxf6 22. Qe3 O-O 23. Qa7 Qb8 24. Kf1 Bg5 25. Qxb8 Rxb8 26. Nb4 g6 27. Ke2
f5 28. exf5 gxf5 29. Ra6 e4 30. Nc6 Rb7 31. g3 f4 32. gxf4 Bxf4 33. Ra8+ Kg7
34. Nd8 Rf7 35. Nxf7 Kxf7 36. h3 Kf6 37. Rb8 1-0

[Event "19. Open de Sants Hostafrancs 2017"]
[Site "Barcelona ESP"]
[Date "2017.08.22"]
[Round "5.16"]
[White "Heimann, Andreas"]
[Black "Kleinman, Michael"]
[Result "1-0"]
[WhiteElo "2591"]
[BlackElo "2340"]
[PlyCount "50"]
[EventDate "2017.08.18"]
[EventType "swiss"]
[EventRounds "10"]
[EventCountry "ESP"]
[SourceTitle "Ajedrez en Madrid"]
[Source "lmi"]
[SourceDate "2017.08.18"]

1. e4 c5 2. Nf3 e6 3. d4 cxd4 4. Nxd4 Nc6 5. Nc3 Qc7 6. Be2 Nf6 7. Be3 Be7 8.
g4 d5 9. exd5 Nxd5 10. Nxd5 exd5 11. Nb5 Qa5+ 12. Qd2 Qxd2+ 13. Bxd2 Bd8 14.
Nd6+ Ke7 15. Nxc8+ Rxc8 16. O-O Nd4 17. Bd1 Bb6 18. c3 Ne6 19. Kg2 Rhd8 20. Bc2
h6 21. Rfd1 Rc4 22. f3 a6 23. Bb3 Rcc8 24. Kf1 d4 25. Bxe6 fxe6 1-0

[Event "19. Open de Sants Hostafrancs 2017"]
[Site "Barcelona ESP"]
[Date "2017.08.22"]
[Round "5.17"]
[White "Delchev, Aleksander"]
[Black "Cotonnec, Melkior"]
[Result "1/2-1/2"]
[WhiteElo "2577"]
[BlackElo "2329"]
[PlyCount "66"]
[EventDate "2017.08.18"]
[EventType "swiss"]
[EventRounds "10"]
[EventCountry "ESP"]
[SourceTitle "Ajedrez en Madrid"]
[Source "lmi"]
[SourceDate "2017.08.18"]

1. d4 f5 2. Bg5 g6 3. Nc3 d5 4. e3 Nf6 5. h4 Bg7 6. h5 Nxh5 7. Rxh5 gxh5 8.
Qxh5+ Kf8 9. Nf3 c6 10. Bh6 Qd6 11. Ne5 Qe6 12. Bxg7+ Kxg7 13. Bd3 Rf8 14. Qg5+
Kh8 15. Ne2 Nd7 16. Nf4 Qf6 17. Qh5 Nxe5 18. dxe5 Qf7 19. Qh2 Rg8 20. O-O-O Bd7
21. Rh1 Rg7 22. Qh6 e6 23. Be2 Rag8 24. Bh5 Qe7 25. Ng6+ Rxg6 26. Bxg6 Rg7 27.
g3 Be8 28. Bxe8 Qxe8 29. Qf6 Qe7 30. Rh6 Qxf6 31. Rxf6 Rg6 32. Rf8+ Rg8 33. Rf7
Rg7 1/2-1/2

[Event "19. Open de Sants Hostafrancs 2017"]
[Site "Barcelona ESP"]
[Date "2017.08.22"]
[Round "5.18"]
[White "Ortiz Suarez, Isan Reynaldo"]
[Black "Aakanksha, Hagawane"]
[Result "1/2-1/2"]
[WhiteElo "2556"]
[BlackElo "2328"]
[PlyCount "90"]
[EventDate "2017.08.18"]
[EventType "swiss"]
[EventRounds "10"]
[EventCountry "ESP"]
[SourceTitle "Ajedrez en Madrid"]
[Source "lmi"]
[SourceDate "2017.08.18"]

1. e4 e5 2. Nf3 Nc6 3. Bb5 a6 4. Ba4 Nf6 5. d3 b5 6. Bb3 Bc5 7. Nc3 d6 8. Nd5
h6 9. c3 Na5 10. Bc2 Ba7 11. a4 Ng4 12. O-O c6 13. Nb4 O-O 14. d4 exd4 15. cxd4
c5 16. dxc5 Bxc5 17. Nd3 b4 18. Bf4 Ra7 19. Rc1 Be6 20. Bb1 Nb3 21. Rc2 Nf6 22.
e5 Nd5 23. Bg3 Rd7 24. Re2 Na5 25. Nxc5 dxc5 26. Qc2 g6 27. Qxc5 Nb3 28. Qc6
Qa5 29. Qc2 Ne7 30. Qe4 Nf5 31. Qf4 Nbd4 32. Nxd4 Rxd4 33. Re4 Rfd8 34. Rxd4
Rxd4 35. Qc1 Rc4 36. Qd2 Rd4 37. Qc1 Rc4 38. Qe1 Nxg3 39. fxg3 Rc5 40. Qf2 Rxe5
41. Bxg6 fxg6 42. Qf8+ Kh7 43. Qe7+ Kh8 44. Qf6+ Kh7 45. Qe7+ Kh8 1/2-1/2

[Event "19. Open de Sants Hostafrancs 2017"]
[Site "Barcelona ESP"]
[Date "2017.08.22"]
[Round "5.19"]
[White "Risting, Eivind Olav"]
[Black "Krysa, Leandro"]
[Result "0-1"]
[WhiteElo "2331"]
[BlackElo "2537"]
[PlyCount "74"]
[EventDate "2017.08.18"]
[EventType "swiss"]
[EventRounds "10"]
[EventCountry "ESP"]
[SourceTitle "Ajedrez en Madrid"]
[Source "lmi"]
[SourceDate "2017.08.18"]

1. e4 e5 2. Nf3 Nc6 3. Nc3 Nf6 4. Bb5 Bd6 5. d3 O-O 6. O-O Nd4 7. Ba4 c6 8.
Nxd4 exd4 9. Ne2 Bc7 10. Bf4 d5 11. Bxc7 Qxc7 12. exd5 Nxd5 13. Bb3 Qe5 14. Qd2
Bg4 15. Rfe1 Rfe8 16. Ng3 Qd6 17. Ne4 Qd8 18. Nc5 Rxe1+ 19. Rxe1 b6 20. Ne4 h6
21. Ng3 Be6 22. Bxd5 Qxd5 23. a3 a5 24. Qf4 a4 25. Re5 Qa2 26. Qxd4 Qb1+ 27.
Nf1 Qxc2 28. Qxb6 Qxd3 29. Qxc6 Rc8 30. Rxe6 Rxc6 31. Rxc6 Qb3 32. Ra6 f5 33.
g3 g5 34. Ne3 f4 35. Ng4 h5 36. h3 fxg3 37. fxg3 Qxb2 0-1

[Event "19. Open de Sants Hostafrancs 2017"]
[Site "Barcelona ESP"]
[Date "2017.08.22"]
[Round "5.20"]
[White "Escalante Ramirez, Brian Sebas"]
[Black "Valsecchi, Alessio"]
[Result "1-0"]
[WhiteElo "2326"]
[BlackElo "2493"]
[PlyCount "95"]
[EventDate "2017.08.18"]
[EventType "swiss"]
[EventRounds "10"]
[EventCountry "ESP"]
[SourceTitle "Ajedrez en Madrid"]
[Source "lmi"]
[SourceDate "2017.08.18"]

1. e4 c5 2. Nf3 e6 3. d4 cxd4 4. Nxd4 Nf6 5. Nc3 d6 6. g4 h6 7. h4 Be7 8. Rg1
d5 9. exd5 Nxd5 10. Nxd5 Qxd5 11. Bg2 Qc4 12. c3 Nd7 13. g5 hxg5 14. hxg5 Nc5
15. Bf1 Qd5 16. Be3 Bd7 17. Nb5 Qc6 18. Qd4 Kf8 19. O-O-O Rd8 20. Nd6 Be8 21.
Qxc5 Rxd6 22. Qxc6 Bxc6 23. Bxa7 Rxd1+ 24. Kxd1 Bd5 25. Bg2 Bxg2 26. Rxg2 Rh1+
27. Kc2 Re1 28. b4 b5 29. Be3 Bd6 30. Rg4 f5 31. gxf6 gxf6 32. Rh4 Ke8 33. Rh7
Re2+ 34. Kb3 Bg3 35. Bc5 Bf4 36. Re7+ Kd8 37. Rb7 Bc1 38. Rxb5 Rb2+ 39. Kc4
Rxa2 40. Rb8+ Kc7 41. Rf8 Bg5 42. Kb5 f5 43. Rf7+ Kd8 44. Kc6 Ra6+ 45. Bb6+ Ke8
46. Ra7 Rxa7 47. Bxa7 e5 48. b5 1-0

[Event "19. Open de Sants Hostafrancs 2017"]
[Site "Barcelona ESP"]
[Date "2017.08.22"]
[Round "5.21"]
[White "Praggnanandhaa, R."]
[Black "Vaishali, R."]
[Result "1-0"]
[WhiteElo "2487"]
[BlackElo "2327"]
[PlyCount "77"]
[EventDate "2017.08.18"]
[EventType "swiss"]
[EventRounds "10"]
[EventCountry "ESP"]
[SourceTitle "Ajedrez en Madrid"]
[Source "lmi"]
[SourceDate "2017.08.18"]

1. e4 e6 2. d4 d5 3. Nc3 Bb4 4. e5 c5 5. a3 Bxc3+ 6. bxc3 Ne7 7. Nf3 b6 8. a4
Nbc6 9. Bd3 Qc7 10. O-O Bd7 11. Ba3 Na5 12. Qd2 O-O 13. Qg5 f6 14. Qh5 f5 15.
Qg5 Rf7 16. Bc1 Raf8 17. Qf4 Ng6 18. Qg3 c4 19. Be2 f4 20. Qg4 Rf5 21. Ba3 Rc8
22. h4 Be8 23. Qh3 Qd7 24. Bc1 h6 25. g4 fxg3 26. fxg3 Ne7 27. g4 Rf8 28. h5
Kh8 29. Ba3 Nac6 30. Rf2 Bf7 31. g5 hxg5 32. Nxg5 Bg8 33. h6 Rxf2 34. hxg7+
Kxg7 35. Kxf2 Rf8+ 36. Ke3 Qd8 37. Rg1 Ng6 38. Nxe6+ Bxe6 39. Qxe6 1-0

[Event "19. Open de Sants Hostafrancs 2017"]
[Site "Barcelona ESP"]
[Date "2017.08.22"]
[Round "5.22"]
[White "Brunner, Nicolas"]
[Black "Mingarro Carceller, Sergi"]
[Result "1/2-1/2"]
[WhiteElo "2472"]
[BlackElo "2319"]
[PlyCount "80"]
[EventDate "2017.08.18"]
[EventType "swiss"]
[EventRounds "10"]
[EventCountry "ESP"]
[SourceTitle "Ajedrez en Madrid"]
[Source "lmi"]
[SourceDate "2017.08.18"]

1. d4 d5 2. c4 e6 3. Nf3 Nf6 4. Nc3 Bb4 5. Bg5 dxc4 6. e4 b5 7. a4 c5 8. axb5
cxd4 9. Nxd4 O-O 10. e5 Qd5 11. Bxf6 gxf6 12. exf6 Qe5+ 13. Be2 Rd8 14. Qa4 a5
15. Nc2 Bb7 16. Nxb4 axb4 17. Rd1 Rxd1+ 18. Qxd1 Nd7 19. Na4 Qxb5 20. b3 Nxf6
21. Bxc4 Qe5+ 22. Qe2 Qa1+ 23. Qd1 Qe5+ 24. Qe2 Qg5 25. f3 Ra5 26. O-O Re5 27.
Qf2 Nh5 28. Nb2 Nf4 29. Qg3 Bd5 30. Kh1 Bxc4 31. Nxc4 Qxg3 32. hxg3 Rh5+ 33.
Kg1 Ne2+ 34. Kf2 Nd4 35. Nb2 Rc5 36. Nd3 Rc2+ 37. Kg1 Ne2+ 38. Kh2 Rc3 39. Nxb4
Rxb3 40. Nc2 Rc3 1/2-1/2

[Event "19. Open de Sants Hostafrancs 2017"]
[Site "Barcelona ESP"]
[Date "2017.08.22"]
[Round "5.23"]
[White "Mordechai, Hanan"]
[Black "Ramesh, R B."]
[Result "1/2-1/2"]
[WhiteElo "2326"]
[BlackElo "2470"]
[PlyCount "108"]
[EventDate "2017.08.18"]
[EventType "swiss"]
[EventRounds "10"]
[EventCountry "ESP"]
[SourceTitle "Ajedrez en Madrid"]
[Source "lmi"]
[SourceDate "2017.08.18"]

1. e4 c5 2. Nf3 e6 3. Nc3 a6 4. d4 cxd4 5. Nxd4 Qc7 6. f4 d6 7. Be3 b5 8. Bd3
Nd7 9. Qf3 b4 10. Nb1 Ngf6 11. Nd2 Bb7 12. Qg3 Nc5 13. e5 dxe5 14. fxe5 Nfe4
15. Nxe4 Nxe4 16. Bxe4 Bxe4 17. O-O Bg6 18. Rac1 Bc5 19. Nb3 Bxe3+ 20. Qxe3 O-O
21. c4 Rfd8 22. c5 Rd5 23. Rfd1 Rxe5 24. Rd7 Qxd7 25. Qxe5 f6 26. Qe1 a5 27. c6
Qd6 28. Qd2 Qxd2 29. Nxd2 Bd3 30. Nb3 e5 31. Nc5 Bf5 32. Na4 Kf7 33. c7 Re8 34.
Nb6 Bc8 35. Rc5 Ke7 36. Rxa5 Kd6 37. Rb5 Kxc7 38. Nxc8 Rxc8 39. Rxb4 Kd6 40. a4
Rc1+ 41. Kf2 Ra1 42. Ke3 Kc5 43. Rb5+ Kc6 44. Rb4 f5 45. Rb5 f4+ 46. Kf3 Kd6
47. a5 g5 48. b4 h5 49. Ke4 Re1+ 50. Kf5 g4 51. a6 f3 52. a7 f2 53. Rd5+ Ke7
54. Rxe5+ Rxe5+ 1/2-1/2

[Event "19. Open de Sants Hostafrancs 2017"]
[Site "Barcelona ESP"]
[Date "2017.08.22"]
[Round "5.25"]
[White "Trent, Lawrence"]
[Black "Buendia Pinar, Alvaro"]
[Result "1/2-1/2"]
[WhiteElo "2439"]
[BlackElo "2307"]
[PlyCount "68"]
[EventDate "2017.08.18"]
[EventType "swiss"]
[EventRounds "10"]
[EventCountry "ESP"]
[SourceTitle "Ajedrez en Madrid"]
[Source "lmi"]
[SourceDate "2017.08.18"]

1. e4 c6 2. d4 d5 3. e5 c5 4. dxc5 e6 5. a3 Bxc5 6. Nf3 Qb6 7. Qd2 a5 8. Bd3
Bd7 9. Nc3 Bc6 10. O-O Nd7 11. a4 Ne7 12. Qe2 Ng6 13. Re1 d4 14. Ne4 Be7 15.
Bg5 Ndxe5 16. Nxe5 Nxe5 17. Bxe7 Kxe7 18. Ng5 Nxd3 19. cxd3 Bd7 20. Qh5 Be8 21.
Qh4 Kf8 22. Re4 h6 23. Rxd4 Qxb2 24. Re1 Rc8 25. Nf3 Rc1 26. Qd8 Rxe1+ 27. Nxe1
Qc3 28. Kf1 Qc6 29. Qxa5 Kg8 30. Nf3 Kh7 31. Qe1 f6 32. Rc4 Qd6 33. Rd4 Qc6 34.
Rc4 Qd6 1/2-1/2

[Event "19. Open de Sants Hostafrancs 2017"]
[Site "Barcelona ESP"]
[Date "2017.08.22"]
[Round "5.26"]
[White "Lopez Mulet, Inigo"]
[Black "Diaz Camallonga, Carles"]
[Result "0-1"]
[WhiteElo "2305"]
[BlackElo "2437"]
[PlyCount "82"]
[EventDate "2017.08.18"]
[EventType "swiss"]
[EventRounds "10"]
[EventCountry "ESP"]
[SourceTitle "Ajedrez en Madrid"]
[Source "lmi"]
[SourceDate "2017.08.18"]

1. d4 e6 2. c4 Nf6 3. g3 Bb4+ 4. Bd2 a5 5. Bg2 d6 6. e4 e5 7. Ne2 O-O 8. a3
Bxd2+ 9. Nxd2 exd4 10. Nxd4 a4 11. O-O Nbd7 12. Qc2 Nc5 13. h3 Re8 14. Rfe1 c6
15. Rad1 Qb6 16. Kh2 Be6 17. N2f3 Rad8 18. e5 dxe5 19. Rxe5 Bc8 20. Rde1 Rxe5
21. Rxe5 h6 22. Qe2 Ncd7 23. Re3 Qc5 24. Nc2 Nb6 25. Ne5 Be6 26. Rc3 Bf5 27. f4
Re8 28. Qe3 Qxe3 29. Nxe3 Bh7 30. c5 Nbd5 31. Nxd5 Nxd5 32. Bxd5 cxd5 33. Kg1
d4 34. Rc4 f6 35. Nf3 d3 36. Rxa4 Re2 37. Kf1 Rxb2 38. Rb4 Rc2 39. Rxb7 Be4 40.
Rb8+ Kh7 41. Nd4 Rc1+ 0-1

[Event "19. Open de Sants Hostafrancs 2017"]
[Site "Barcelona ESP"]
[Date "2017.08.22"]
[Round "5.27"]
[White "Rizouk, Aimen"]
[Black "Domingo Nunez, Alejandro"]
[Result "1-0"]
[WhiteElo "2433"]
[BlackElo "2287"]
[PlyCount "131"]
[EventDate "2017.08.18"]
[EventType "swiss"]
[EventRounds "10"]
[EventCountry "ESP"]
[SourceTitle "Ajedrez en Madrid"]
[Source "lmi"]
[SourceDate "2017.08.18"]

1. e4 c5 2. Nf3 e6 3. d4 cxd4 4. Nxd4 Nc6 5. Nc3 Qc7 6. Be2 a6 7. Be3 Nf6 8.
O-O Be7 9. f4 d6 10. Kh1 O-O 11. a4 Bd7 12. Nb3 b6 13. g4 Bc8 14. g5 Nd7 15.
Bf3 Rb8 16. Bg2 Re8 17. Qh5 Bf8 18. Rf3 g6 19. Qh4 Bg7 20. f5 b5 21. axb5 axb5
22. f6 Bf8 23. Rh3 h6 24. Ne2 Nde5 25. gxh6 Kh7 26. Rg3 Nc4 27. Nf4 Nxe3 28.
Rxe3 Ne5 29. Rc3 Qb6 30. Nh3 Rb7 31. Ng5+ Kh8 32. Nd2 b4 33. Nc4 bxc3 34. Nxb6
cxb2 35. Rb1 Rxb6 36. Qf2 Rb7 37. Qd4 Bd7 38. Rxb2 Rc7 39. h4 Rec8 40. h5 gxh5
41. Qd1 h4 42. Qh5 Be8 43. Nf3 Nd7 44. Qxh4 Rxc2 45. Rxc2 Rxc2 46. Ng5 Rc5 47.
Qh5 Nxf6 48. Nxf7+ Bxf7 49. Qxf7 Nh7 50. Qxe6 Rh5+ 51. Kg1 Rxh6 52. Qc8 Rf6 53.
Bh3 Ng5 54. Bf5 Kg7 55. Kg2 Nf7 56. Qc3 Ne5 57. Qg3+ Kf7 58. Kf2 Bh6 59. Ke2
Bg7 60. Qb3+ Kf8 61. Qb8+ Kf7 62. Qc7+ Kg8 63. Qd8+ Kf7 64. Bh7 Bf8 65. Bg8+
Kg7 66. Bd5 1-0

[Event "19. Open de Sants Hostafrancs 2017"]
[Site "Barcelona ESP"]
[Date "2017.08.22"]
[Round "5.28"]
[White "Kholopov, Alexander A"]
[Black "Mu, Ke"]
[Result "1/2-1/2"]
[WhiteElo "2306"]
[BlackElo "2411"]
[PlyCount "42"]
[EventDate "2017.08.18"]
[EventType "swiss"]
[EventRounds "10"]
[EventCountry "ESP"]
[SourceTitle "Ajedrez en Madrid"]
[Source "lmi"]
[SourceDate "2017.08.18"]

1. c4 Nf6 2. Nc3 d5 3. cxd5 Nxd5 4. Nf3 c5 5. e4 Nb4 6. Bb5+ N8c6 7. d4 cxd4 8.
a3 Qb6 9. Bxc6+ Nxc6 10. Nd5 Qd8 11. Bf4 e5 12. Bxe5 Nxe5 13. Nxe5 Bd6 14. Qxd4
O-O 15. O-O Re8 16. Nc4 Bb8 17. a4 b6 18. Rad1 Ba6 19. Rfe1 Qc8 20. Rc1 Qd8 21.
Rcd1 Qc8 1/2-1/2

[Event "19. Open de Sants Hostafrancs 2017"]
[Site "Barcelona ESP"]
[Date "2017.08.22"]
[Round "5.30"]
[White "Mihajlov, Sebastian"]
[Black "Mendonca, Leon Luke"]
[Result "1-0"]
[WhiteElo "2399"]
[BlackElo "2286"]
[PlyCount "117"]
[EventDate "2017.08.18"]
[EventType "swiss"]
[EventRounds "10"]
[EventCountry "ESP"]
[SourceTitle "Ajedrez en Madrid"]
[Source "lmi"]
[SourceDate "2017.08.18"]

1. d4 Nf6 2. c4 e6 3. Nf3 c5 4. d5 exd5 5. cxd5 d6 6. Nc3 g6 7. Bf4 a6 8. Nd2
b5 9. a4 b4 10. Nce4 Nxe4 11. Nxe4 Be7 12. Nd2 O-O 13. Nc4 a5 14. e4 Ba6 15.
Bd3 Bxc4 16. Bxc4 Bg5 17. Bxg5 Qxg5 18. O-O Qf6 19. Qd2 Nd7 20. Bb5 Nb6 21.
Rae1 Rac8 22. f4 Qd4+ 23. Qxd4 cxd4 24. Bc6 Rc7 25. Rd1 Nd7 26. Rxd4 Nc5 27. e5
Rd8 28. Re1 Kg7 29. Rdd1 f6 30. exf6+ Kxf6 31. Kf2 g5 32. Rd4 Rf8 33. Kf3 Rcf7
34. g4 Kg7 35. f5 Kf6 36. Rdd1 Re7 37. Rxe7 Kxe7 38. h4 gxh4 39. Rh1 Nd3 40.
Rxh4 Rf7 41. g5 Nxb2 42. f6+ Kf8 43. Ke4 Kg8 44. Be8 Rb7 45. f7+ Rxf7 46. Bxf7+
Kxf7 47. Rxh7+ Kg6 48. Ra7 Nxa4 49. Rxa5 Nc3+ 50. Kd4 Kxg5 51. Kc4 Kf5 52. Kxb4
Ne4 53. Kb5 Ke5 54. Kc6 Ng3 55. Ra1 Nf5 56. Re1+ Kd4 57. Re6 Kc4 58. Re4+ Kd3
59. Rf4 1-0

[Event "19. Open de Sants Hostafrancs 2017"]
[Site "Barcelona ESP"]
[Date "2017.08.22"]
[Round "5.31"]
[White "Costantini, Roberto"]
[Black "Quirhuayo Chumbe, German Gonza"]
[Result "1/2-1/2"]
[WhiteElo "2253"]
[BlackElo "2397"]
[PlyCount "142"]
[EventDate "2017.08.18"]
[EventType "swiss"]
[EventRounds "10"]
[EventCountry "ESP"]
[SourceTitle "Ajedrez en Madrid"]
[Source "lmi"]
[SourceDate "2017.08.18"]

1. e4 c5 2. Nf3 d6 3. d4 Nf6 4. Nc3 cxd4 5. Nxd4 a6 6. f3 e5 7. Nb3 Be6 8. Be3
Be7 9. Qd2 O-O 10. O-O-O Nbd7 11. g4 b5 12. g5 b4 13. Ne2 Nh5 14. Ng3 Nf4 15.
h4 a5 16. Kb1 a4 17. Nd4 exd4 18. Bxf4 b3 19. cxb3 Bxb3 20. Rc1 Nc5 21. Bc4
Bxc4 22. Rxc4 a3 23. b3 Ne6 24. Nf5 Re8 25. Nxd4 Nxf4 26. Qxf4 d5 27. exd5 Qxd5
28. Qe4 Qd7 29. Qc6 Qxc6 30. Nxc6 Bf8 31. Re4 h6 32. Rhe1 Rxe4 33. Rxe4 hxg5
34. hxg5 Kh7 35. b4 Kg6 36. b5 Kxg5 37. Kc2 f5 38. Re3 Kf4 39. Rc3 Bd6 40. b6
Ra6 41. Rb3 g5 42. Nd4 g4 43. Ne2+ Kg5 44. f4+ Kh4 45. b7 Bb8 46. Kd2 Re6 47.
Rxa3 Rb6 48. Ra5 Rb2+ 49. Kd3 Rxb7 50. Rxf5 Rd7+ 51. Kc3 Ba7 52. a4 Kh3 53. Rg5
Bf2 54. f5 Be3 55. Rg6 Kg2 56. f6 Kf3 57. Rg7 Rd8 58. f7 Kxe2 59. Rg8 Rd3+ 60.
Kc2 Bc5 61. Rxg4 Rf3 62. Rc4 Bf8 63. Rc7 Ra3 64. Rc8 Bg7 65. Re8+ Kf3 66. f8=Q+
Bxf8 67. Rxf8+ Ke4 68. Ra8 Kd5 69. Kb2 Rh3 70. Rc8 Kd6 71. Rc1 Rg3 1/2-1/2